All Teams Robert Lewandowski Scored Against in the UCL - Statistics

General Stats
  • This quiz has been taken 16 times
  • The average score is 32 of 41
Answer Stats
Country Teams % Correct
Netherlands Ajax
100%
Spain Atletico Madrid
100%
Ukraine Dynamo Kyiv
100%
Italy Inter Milan
100%
England Manchester City
100%
Netherlands PSV
100%
Spain Real Madrid
100%
Italy Roma
100%
England Arsenal
93%
Spain Barcelona
93%
England Chelsea
93%
Italy Juventus
93%
France Lyon
93%
France Marseille
93%
Italy Napoli
93%
England Newcastle
93%
Portugal Porto
93%
France PSG
93%
Germany Bayern Munich
86%
Portugal Benfica
86%
Russia Zenit
86%
Greece AEK
79%
Italy Lazio
79%
Greece Olympiacos
79%
England Tottenham
79%
Spain Villarreal
79%
Belgium Anderlecht
71%
Turkey Besiktas
71%
Croatia Dinamo Zagreb
71%
Denmark Kobenhavn
71%
Serbia Red Star Belgrade
71%
Ukraine Shakhtar Donetsk
71%
Czechia Slavia Prague
71%
Germany Dortmund
64%
Austria RB Salzburg
57%
Czechia Victoria Plzen
57%
Switzerland Young Boys
57%
Spain Málaga
50%
Belgium Antwerp
29%
Russia Rostov
29%
France Stade Brest
21%
No matching quizzes found
Score Distribution
Percent of People with Each Score
Percentile by Number Answered
Your Score History
You have not taken this quiz